000 00541nam a2200181Ia 4500
008 090123s9999 xx 000 0 und d
082 _b25788
_a891.463/बापट
100 _aबापट मुकुंद
245 _aप्रतिक्षा
250 _a1
260 _bसुर्य प्रकाशन
300 _a198
600 _aबापट मुकुंद
630 _aप्रतिक्षा
700 _aबापट मुकुंद
730 _aप्रतिक्षा
942 _cBOOK
999 _c63859
_d63859